[Event "BUL-ch qual"]
[Site "Rouse"]
[Date "2004.07.13"]
[Round "6"]
[White "Asenov, Anatoli"]
[Black "Panbukchian, Valentin"]
[Result "1/2-1/2"]
[WhiteElo "2107"]
[BlackElo "2343"]
[PlyCount "50"]
[EventDate "2004.07.10"]
[EventType "swiss"]
[EventRounds "7"]
[EventCountry "BUL"]
[SourceTitle "CBM 101 Extra"]
[Source "ChessBase"]
[SourceDate "2004.09.01"]
[SourceVersion "2"]
[SourceVersionDate "2004.09.01"]
[SourceQuality "1"]

1. d4 Nf6 2. Nf3 e6 3. Bg5 h6 4. Bxf6 Qxf6 5. e4 d6 6. Nc3 g5 7. h3 Bg7 8. Qd2 Nc6 9. Bb5 Bd7 10. 0-0-0 0-0-0 11. Rhe1 Rhg8 12. Qe2 Bh8 13. Kb1 h5 14. e5 dxe5 15. Nxe5 Nxe5 16. dxe5 Qf4 17. Bxd7+ Rxd7 18. Rxd7 Kxd7 19. g3 Qf5 20. g4 hxg4 21. hxg4 Qf4 22. f3 Kc8 23. Qf2 Bxe5 24. Qxa7 c6 25. Na4 Qd4 1/2-1/2

[Event "BUL-ch U20"]
[Site "Pleven"]
[Date "2004.02.09"]
[Round "8"]
[White "Karakehajov, Kalin"]
[Black "Asenov, Anatoli"]
[Result "1/2-1/2"]
[WhiteElo "2330"]
[BlackElo "2200"]
[PlyCount "84"]
[EventDate "2004.02.10"]
[EventType "swiss"]
[EventRounds "9"]
[EventCountry "BUL"]
[SourceTitle "EXT 2005"]
[Source "ChessBase"]
[SourceDate "2004.11.15"]
[SourceVersion "1"]
[SourceVersionDate "2004.11.15"]
[SourceQuality "1"]

1. d4 Nf6 2. c4 d6 3. Nf3 g6 4. Nc3 Bg7 5. e4 0-0 6. Be2 Bg4 7. 0-0 Nfd7 8. Be3 Nc6 9. d5 Bxf3 10. Bxf3 Na5 11. Be2 Bxc3 12. bxc3 e5 13. Bh6 Re8 14. Qd2 Nb6 15. f4 Naxc4 16. Bxc4 Nxc4 17. Qe2 Nb6 18. f5 Qh4 19. Bd2 Nd7 20. Rf3 gxf5 21. Rxf5 Qe7 22. Raf1 f6 23. g4 Kh8 24. Kh1 Rg8 25. g5 Raf8 26. h4 Qg7 27. Rg1 Qe7 28. Kh2 Qe8 29. Rgf1 fxg5 30. Bxg5 Rxf5 31. Rxf5 Rf8 32. Qf3 Kg8 33. Bh6 Rxf5 34. Qxf5 Nf8 35. h5 Qf7 36. Qg5+ Kh8 37. Qh4 c6 38. Bg5 Nd7 39. c4 Qf3 40. h6 Kg8 41. Be7 Qf7 42. Qg5+ Kh8 1/2-1/2

[Event "BUL-ch U20"]
[Site "Pleven"]
[Date "2004.02.08"]
[Round "7"]
[White "Asenov, Anatoli"]
[Black "Evstatiev, Georgi"]
[Result "1/2-1/2"]
[WhiteElo "2200"]
[BlackElo "2190"]
[PlyCount "110"]
[EventDate "2004.02.10"]
[EventType "swiss"]
[EventRounds "9"]
[EventCountry "BUL"]
[SourceTitle "EXT 2005"]
[Source "ChessBase"]
[SourceDate "2004.11.15"]
[SourceVersion "1"]
[SourceVersionDate "2004.11.15"]
[SourceQuality "1"]

1. d4 Nf6 2. c4 g6 3. Nc3 Bg7 4. e4 d6 5. Be2 0-0 6. Nf3 e5 7. 0-0 Nc6 8. d5 Ne7 9. Ne1 Ne8 10. Be3 f5 11. f3 f4 12. Bf2 g5 13. c5 h5 14. Rc1 Rf6 15. Qc2 Bh6 16. cxd6 cxd6 17. Nb5 Bd7 18. Nxa7 g4 19. Qb3 b5 20. Nc6 Nxc6 21. dxc6+ Be6 22. Qxb5 Rb8 23. c7 Nxc7 24. Qc6 Rf7 25. Bb6 g3 26. Kh1 Qh4 27. Bg1 Rxb2 28. Rc2 Rxc2 29. Qxc2 Qg5 30. Bc4 d5 31. exd5 Bxd5 32. Bb6 Bxc4 33. Qxc4 Ne8 34. Nd3 gxh2 35. Nf2 Nd6 36. Qe6 Bf8 37. Rd1 Nf5 38. Rd7 Be7 39. Nh3 Qg7 40. Bf2 Qf6 41. Qxf6 Rxf6 42. Ra7 Rc6 43. a4 Ng3+ 44. Kxh2 Bh4 45. Rb7 Nf1+ 46. Kh1 Ng3+ 47. Bxg3 Rc1+ 48. Ng1 Bxg3 49. Rb2 Ra1 50. a5 Kg7 51. a6 Rxa6 52. Rb1 Ra2 53. Rf1 Kf6 54. Nh3 Kf5 55. Kg1 Bh4 1/2-1/2